Statistics for The Americas Geography by Letter - R

Click here to take the quiz!

General Stats

  • This quiz has been taken 19,150 times
  • The average score is 10 of 19

Answer Stats

ClueAnswer% Correct
Presidential mountainRushmore
97%
Smallest U.S. stateRhode Island
95%
Where you'll find Ipanema and
Copacabana
Rio de Janeiro
87%
Mountain chain stretching from
New Mexico to Canada
Rocky Mountains
82%
Nevada's "biggest little city"Reno
73%
Capital of the Confederate StatesRichmond
69%
Popular place to ice skate in
Midtown Manhattan
{Rockefeller}
Center
62%
City in the aboveRaleigh
60%
Decaying industrial region of the U.S.{Rust} Belt
58%
Famous Beverly Hills shopping streetRodeo Drive
56%
Third biggest city in New YorkRochester
49%
Capital of SaskatchewanRegina
43%
Massive volcano near SeattleRainier
42%
Currency of BrazilReal
39%
North Carolina region
of prestigious universities
{Research}
Triangle
33%
Resort district on the YucatanMayan {Riviera}
26%
Easternmost major city in BrazilRecife
26%
Biggest island in Lake SuperiorIsle {Royale}
21%
Third biggest city in ArgentinaRosario
18%

Score Distribution

Percentile by Number Answered

Percent of People with Each Score

Your Score History

You have not taken this quiz